1481 1267 1103 1100 1264 1107 1054 1390 1195 1266 1875 1715 1122 1642 1174 1863 1316 1443 1752 1807 1479 1268 1145 1266 1549 1558 1820 1315 1908 1174 1405 1737 1166 1140 1724 1935 1862 1736 1862 1349 1534 1836 1179 1296 1107 1168 1507 1234 1085 1591 1323 1011 1729 1192 1750 1002 1448 1638 1989 1714 1404 1609 1788 1584 1218 1682 1701 1726 1442 1019 1459 1475 1860 1534 1047 1945 1130 1362 1397 1791 1122 1156 1166 1252 1801 1800 1293 1167 1388 1001 1950 1888 1501 1999 1196 1513 1262 1141 1553 BCNSPRNW ULIB Ver.6.0+V

เปลี่ยนเป็นภาษาไทย

Change to English
 แสดงรายละเอียดบรรณานุกรม
  กลับหน้าหลัก

Brief Record : Get Marc (ISO 2709) : E-mail record : QR code < ปิดหน้าต่าง
LEADER : 00000nam 2200000uu 4500
001    13399110712
003     ULIB
008    110608s2552||||th 000 0 tha d
020    9789744141064
060 04 WC515^bศ159ท 2552
100 0  ศรัญญู ชูศรี
245 10 ทำอย่างไรไม่ติดไข้หวัดใหญ่ 2009 ! /^cศรัญญู ชูศรี
250    พิมพ์ครั้งที่ 1
260    กรุงเทพฯ :^bดีไลท์พับลิชชิ่ง,^c2552
300    76 หน้า :^bภาพประกอบ ;^c21 ซม.
650  7 ไข้หวัดใหญ่สายพันธุ์ใหม่ 2009
650  7 ไข้หวัดใหญ่^xการป้องกันและควบคุม
945    ^p65^l0^i18232
995    กัณชพร
999    ^aใช้งานได้ทุกระบบ
รายการนี้ยังไม่มีแท็ก
คุณยังไม่ได้ล็อกอิน คุณสามารถมีกิจกรรมร่วมกับเว็บไซต์ได้ แต่ต้องล็อกอินก่อน ::
  ล็อกอิน

รายการสื่อสารสนเทศ

ลำดับที่ ประเภท เลขเรียก/บาร์โค้ด สถานที่ สถานะ
1. วิทยาศาสตร์การแพทย์ และสุขภาพ
วิทยาศาสตร์การแพทย์ และสุขภาพ
สถานะ=หนังสือเก่า
WC515 ศ159ท 2552  
  Barcode: 18232
ห้องสมุดวิทยาเขตนครสวรรค์
►ส่วนจัดเก็บหนังสือเก่า นว.
บนชั้น
  ขอยืม

รายการใกล้เคียง
    ผู้แต่ง [ศรัญญู ชูศรี]

    หัวเรื่อง [ไข้หวัดใหญ่สายพันธุ์ใหม่ 2009]

BibComment


ยังไม่เคยถูกคอมเมนท์

คอมเมนท์ทรัพยากรรายการนี้
  คอมเมนท์: ทำอย่างไรไม่ติดไข..


 Copyright 2026. Bcnsprnw @Library